| 000 | 00955cad a22002175a 4500 | ||
|---|---|---|---|
| 001 | L157705 | ||
| 008 | 130327s2013 xxk f 000 0 eng d | ||
| 035 | _a(Sirsi) u157705 | ||
| 041 | 0 | _aeng | |
| 110 | 2 |
_aCampaign to Protect Rural England _94718 |
|
| 245 | 0 | 0 |
_aCountryside Promises _bPlanning Realities _h[electronic resource] |
| 260 |
_aLondon _CPRE _c2013 |
||
| 520 | _aAnalysis of how the government's National Planning Policy Framework is being implemented during its first year. Argues that there are concerns about whether the reformed planning system is capable of securing the development the country needs and preventing schemes being placed in the wrong locations. | ||
| 590 | _aKA | ||
| 651 | 4 |
_aEngland _y886- |
|
| 690 |
_aPlanning and development _96259 |
||
| 690 |
_aEnvironment _96238 |
||
| 690 |
_aSustainability _96271 |
||
| 856 | 4 | 0 | _uhttps://www.cpre.org.uk/resources/housing-and-planning/planning/item/download/2966 |
| 942 | _n0 | ||
| 999 |
_c114927 _d114927 |
||